La política lingüística española en América y Filipinas (Siglos XVI-XIX).
-д хадгалсан:
| Үндсэн зохиолч: | |
|---|---|
| Формат: | Ном |
| Хэл сонгох: | испани |
| Хэвлэсэн: |
Lugo, España:
Tris Tram,
2002.
|
| Цуврал: | Colección Grammaton,
|
| Нөхцлүүд: | |
| Шошгууд: |
Шошго нэмэх
Шошго байхгүй, Энэхүү баримтыг шошголох эхний хүн болох!
|
MARC
| LEADER | 00000nam a22000007a 4500 | ||
|---|---|---|---|
| 003 | CL-VaPUC | ||
| 005 | 20250331161505.0 | ||
| 008 | 250326t2002 ||||| |||| 00| 0 spa d | ||
| 999 | |c 447679 |d 447677 | ||
| 020 | |a 84-89377-39-1 | ||
| 040 | |c Pontificia Universidad Católica de Valparaíso | ||
| 082 | |2 22 |a 306.44 SUE 2002 | ||
| 100 | |9 897604 |a Sueiro Justel, Joaquín |e autor | ||
| 245 | |a La política lingüística española en América y Filipinas (Siglos XVI-XIX). | ||
| 260 | |a Lugo, España: |b Tris Tram, |c 2002. | ||
| 300 | |a 116 páginas. | ||
| 490 | |a Colección Grammaton, |n 4. | ||
| 500 | |a c.1-2: Donación de su autor, Sr. Joaquín Sueiro Justel. Memo DER N° 005. 17-03-2025. Biblioteca de Derecho. | ||
| 583 | |c 20250326 |k Yessy Sthefany Diaz Vidal | ||
| 650 | 0 | |9 357564 |a Pueblos indígenas |x Colonización española |z América Latina y Filipinas | |
| 651 | 0 | |9 255027 |a América Latina |x Lengua española |v Aspectos políticos y sociales |y Siglos 17-19 | |
| 651 | 0 | |9 258491 |a Filipinas |x Lengua castellana |v Historia | |
| 651 | 0 | |9 254926 |a España |x Sociolingüística |v Historia | |
| 942 | |2 ddc |c BK | ||
| 952 | |0 0 |1 0 |2 ddc |4 0 |6 306_440000000000000_SUE_2002 |7 0 |8 A |9 601927 |a BIBDER |b BIBDER |d 2025-03-26 |e Donación |i 5666753 |o 306.44 SUE 2002 |p 5666753 |r 2025-03-26 |t 1 |w 2025-03-26 |y BK |k DER | ||